000 00281nam a2200109Ia 4500
008 220204s9999 xx 000 0 und d
082 _a659.11
_bBAK
100 _aBaker, Stephen
245 0 _aAdvertising layout and art direction
260 _aLondon
_bMcGraw Hill
_c1959
942 _cBK
999 _c20636
_d20636